| 000 | 01361nim a2200373 a 4500 | ||
|---|---|---|---|
| 999 |
_c7620 _d7620 |
||
| 001 | 991015306869706706 | ||
| 003 | OSt | ||
| 005 | 20211227145216.0 | ||
| 007 | s| ||||||||||| | ||
| 008 | 021210s2001 sp |||||| | cat|c | ||
| 017 | _aDL M. 52089-2001 | ||
| 035 | _a(ES-BaCBU).b28774826 | ||
| 035 | _a(OCoLC)807887684 | ||
| 040 |
_aES-BaCBU _bcat _cCDMR |
||
| 043 |
_ae-sp--- _be-spc--- _2catmarc |
||
| 080 | _a654.191(467.1)(086.76) | ||
| 245 | 0 | 0 |
_aRne. 4 _h[Enregistrament sonor] : _b25 anys a Catalunya : 1976-2001 : segur que et sona / _cmuntatge: Pere Ribera ; guió: Pere Font Grasa ; locució: Pilar Sampietro |
| 260 |
_a[Madrid : _bRadio Nacional de España], _cDL 2001 |
||
| 300 |
_a2 discos sonors (CD) (78, 77 min) : _bestèreo; _c12 cm |
||
| 500 | _aCommemoració del 25è aniversari de Ràdio Nacional d'Espanya a Catalunya (R4) | ||
| 505 | 8 | _aConté fragments de programes | |
| 610 | 2 | 0 |
_aRàdio 4 _2lemac _93699 |
| 650 | 0 |
_93105 _aRadiodifusió _zCatalunya _xHistòria |
|
| 700 | 1 | _aRibera, Pere. | |
| 700 | 1 | _aFont Grasa, Pere. | |
| 700 | 1 | _aSampietro, Pilar. | |
| 710 | 2 | _aRadio Nacional de España. | |
| 740 | 0 | _a25 anys a Catalunya | |
| 740 | 0 | _aVint-i-cinc anys a Catalunya | |
| 907 |
_a.b28774826 _b25-06-21 _c08-05-08 _d10-12-02 _em _fj _g- _hcat _isp _j0 _k3 |
||
| 908 |
_aUAB _aUPF _aGEPA |
||
| 940 | _aUAB | ||
| 942 |
_2udc _cADV |
||